| 000 | 00942nam a2200217 i 4500 | ||
|---|---|---|---|
| 001 | 163703 | ||
| 003 | ES-MaACL | ||
| 005 | 20240223183406.0 | ||
| 008 | 991102s1899 uy |||| |dspa d | ||
| 100 | 1 |
_aRodó, José Enrique _d1871-1917 _998152 |
|
| 245 | 1 | 0 |
_aRubén Darío _b: su personalidad literaria, su última obra / _cpor José Enrique Rodó. |
| 260 |
_aMontevideo : _b[s.n.], _c1899 ( _fImp. de Dornaleche y Reyes) |
||
| 300 |
_a80 p. ; _c19 cm. |
||
| 490 | 1 |
_aLa vida nueva ; _v2 |
|
| 530 | _aDisponible en formato digital. | ||
| 600 | 1 | 4 |
_aDarío, Rubén, _d1867-1916- _xCrítica e interpretación _942722 |
| 830 | 0 |
_aLa vida nueva ; _v2 _9176570 |
|
| 852 |
_aES-MaACL _jT-883-F-4 _z- Enc. hol. conservando cub. original _z. - Dedicatoria autógrafa del autor _z- Enc. en un vol. facticio |
||
| 856 |
_uhttp://bdh-rd.bne.es/viewer.vm?id=0000079589&page=1 _zBiblioteca Digital Hispánica |
||
| 999 |
_c163703 _d163703 |
||